Öröklési jog általános szabályok

Elmentve itt :
Bibliográfiai részletek
Szerző: Telegdy Gergely
Dokumentumtípus: Vegyes gyűjtemény
Megjelent: 2021-02
Kulcsszavak:öröklési jog
polgári jog
Tárgyszavak:
Online Access:http://eta.bibl.u-szeged.hu/5333
LEADER 04713npc a2200445 i 4500
001 eta5333
005 20230224195748.0
008 210319s2021 hu o 0|| hun d
040 |a SZTE Elektronikus Tananyag Archívum  |b hun 
041 |a hun 
100 1 |a Telegdy Gergely 
245 1 0 |a Öröklési jog általános szabályok  |h [elektronikus dokumentum] /  |c  Telegdy Gergely 
246 1 0 |a General rules of law of succession  |h [elektronikus dokumentum] 
260 |c 2021-02 
650 4 |a Társadalomtudományok 
650 4 |a Jogtudomány 
650 4 |a Jog, kriminológia, büntetéstudomány 
650 4 |a Magánjog, közjog és szociális jog 
695 |a öröklési jog 
695 |a polgári jog 
856 4 0 |u https://eta.bibl.u-szeged.hu/5333/11/EFOP362_POJ_%C3%96r%C3%B6kl%C3%A9si%20jog%20%C3%A1ltal%C3%A1nos%20szab%C3%A1lyok_1_vide%C3%B3lecke_Telegdy%20Gergely_2021-02-28.mp4  |z Dokumentum-elérés  
856 4 0 |u https://eta.bibl.u-szeged.hu/5333/1/EFOP343_POJ_%C3%96r%C3%B6kl%C3%A9si%20jog%20%C3%A1ltal%C3%A1nos%20szab%C3%A1lyok_1_olvas%C3%B3lecke_Telegdy%20Gergely.pdf  |z Dokumentum-elérés  
856 4 0 |u https://eta.bibl.u-szeged.hu/5333/12/EFOP362_POJ_%C3%96r%C3%B6kl%C3%A9si%20jog%20%C3%A1ltal%C3%A1nos%20szab%C3%A1lyok_2_vide%C3%B3lecke_Telegdy%20Gergely_2021-02-28.mp4  |z Dokumentum-elérés  
856 4 0 |u https://eta.bibl.u-szeged.hu/5333/2/EFOP343_POJ_%C3%96r%C3%B6kl%C3%A9si%20jog%20%C3%A1ltal%C3%A1nos%20szab%C3%A1lyok_2_olvas%C3%B3lecke_Telegdy%20Gergely.pdf  |z Dokumentum-elérés  
856 4 0 |u https://eta.bibl.u-szeged.hu/5333/16/EFOP362_POJ_%C3%96r%C3%B6kl%C3%A9si%20jog%20%C3%A1ltal%C3%A1nos%20szab%C3%A1lyok_3_vide%C3%B3lecke_Telegdy%20Gergely_2021-02-28.mp4  |z Dokumentum-elérés  
856 4 0 |u https://eta.bibl.u-szeged.hu/5333/3/EFOP343_POJ_%C3%96r%C3%B6kl%C3%A9si%20jog%20%C3%A1ltal%C3%A1nos%20szab%C3%A1lyok_3_olvas%C3%B3lecke_Telegdy%20Gergely.pdf  |z Dokumentum-elérés  
856 4 0 |u https://eta.bibl.u-szeged.hu/5333/13/EFOP362_POJ_%C3%96r%C3%B6kl%C3%A9si%20jog%20%C3%A1ltal%C3%A1nos%20szab%C3%A1lyok_4_vide%C3%B3lecke_Telegdy%20Gergely_2021-02-28.mp4  |z Dokumentum-elérés  
856 4 0 |u https://eta.bibl.u-szeged.hu/5333/4/EFOP343_POJ_%C3%96r%C3%B6kl%C3%A9si%20jog%20%C3%A1ltal%C3%A1nos%20szab%C3%A1lyok_4_olvas%C3%B3lecke_Telegdy%20Gergely.pdf  |z Dokumentum-elérés  
856 4 0 |u https://eta.bibl.u-szeged.hu/5333/15/EFOP362_POJ_%C3%96r%C3%B6kl%C3%A9si%20jog%20%C3%A1ltal%C3%A1nos%20szab%C3%A1lyok_5_vide%C3%B3lecke_Telegdy%20Gergely_2021-02-28.mp4  |z Dokumentum-elérés  
856 4 0 |u https://eta.bibl.u-szeged.hu/5333/5/EFOP343_POJ_%C3%96r%C3%B6kl%C3%A9si%20jog%20%C3%A1ltal%C3%A1nos%20szab%C3%A1lyok_5_olvas%C3%B3lecke_Telegdy%20Gergely.pdf  |z Dokumentum-elérés  
856 4 0 |u https://eta.bibl.u-szeged.hu/5333/14/EFOP362_POJ_%C3%96r%C3%B6kl%C3%A9si%20jog%20%C3%A1ltal%C3%A1nos%20szab%C3%A1lyok_6_vide%C3%B3lecke_Telegdy%20Gergely_2021-02-28.mp4  |z Dokumentum-elérés  
856 4 0 |u https://eta.bibl.u-szeged.hu/5333/6/EFOP343_POJ_%C3%96r%C3%B6kl%C3%A9si%20jog%20%C3%A1ltal%C3%A1nos%20szab%C3%A1lyok_6_olvas%C3%B3lecke_Telegdy%20Gergely.pdf  |z Dokumentum-elérés  
856 4 0 |u https://eta.bibl.u-szeged.hu/5333/19/EFOP362_POJ_%C3%96r%C3%B6kl%C3%A9si%20jog%20%C3%A1ltal%C3%A1nos%20szab%C3%A1lyok_7_vide%C3%B3lecke_Telegdy%20Gergely_2021-02-28.mp4  |z Dokumentum-elérés  
856 4 0 |u https://eta.bibl.u-szeged.hu/5333/7/EFOP343_POJ_%C3%96r%C3%B6kl%C3%A9si%20jog%20%C3%A1ltal%C3%A1nos%20szab%C3%A1lyok_7_olvas%C3%B3lecke_Telegdy%20Gergely.pdf  |z Dokumentum-elérés  
856 4 0 |u https://eta.bibl.u-szeged.hu/5333/20/EFOP362_POJ_%C3%96r%C3%B6kl%C3%A9si%20jog%20%C3%A1ltal%C3%A1nos%20szab%C3%A1lyok_8_vide%C3%B3lecke_Telegdy%20Gergely_2021-02-28.mp4  |z Dokumentum-elérés  
856 4 0 |u https://eta.bibl.u-szeged.hu/5333/8/EFOP343_POJ_%C3%96r%C3%B6kl%C3%A9si%20jog%20%C3%A1ltal%C3%A1nos%20szab%C3%A1lyok_8_olvas%C3%B3lecke_Telegdy%20Gergely.pdf  |z Dokumentum-elérés  
856 4 0 |u https://eta.bibl.u-szeged.hu/5333/18/EFOP362_POJ_%C3%96r%C3%B6kl%C3%A9si%20jog%20%C3%A1ltal%C3%A1nos%20szab%C3%A1lyok_9_vide%C3%B3lecke_Telegdy%20Gergely_2021-02-28.mp4  |z Dokumentum-elérés  
856 4 0 |u https://eta.bibl.u-szeged.hu/5333/9/EFOP343_POJ_%C3%96r%C3%B6kl%C3%A9si%20jog%20%C3%A1ltal%C3%A1nos%20szab%C3%A1lyok_9_olvas%C3%B3lecke_Telegdy%20Gergely.pdf  |z Dokumentum-elérés  
856 4 0 |u https://eta.bibl.u-szeged.hu/5333/0/EFOP362_POJ_%C3%96r%C3%B6kl%C3%A9si%20jog%20%C3%A1ltal%C3%A1nos%20szab%C3%A1lyok_10_vide%C3%B3lecke_Telegdy%20Gergely_2021-02-28.mp4  |z Dokumentum-elérés  
856 4 0 |u https://eta.bibl.u-szeged.hu/5333/21/EFOP343_POJ_%C3%96r%C3%B6kl%C3%A9si%20jog%20%C3%A1ltal%C3%A1nos%20szab%C3%A1lyok_10_olvas%C3%B3lecke_Telegdy%20Gergely.pdf  |z Dokumentum-elérés